Quiz Mon top film sera tu les retrouver - Statistiques

Statistiques générales
  • Ce quiz a été pris 87 fois
  • Le résultat moyen est 11 sur 30
Statistiques - réponses
Nom du film Indice : % Correct
1 Titanic Bateau,1912,Iceberg.
100%
2 La Ligne Verte Tom Hanks,Chaise électrique,Coffey.
83%
10 Fast And Furious Série de film,Voiture,Course,Criminel.
79%
26 Jurassic Park Dinosaures,Survie,Pr Alan Grant,crée des Dinosaures.
66%
7 Annabelle Série de film,Poupée,horreur.
63%
21 Le loup de Wall Street Wall Street,Sa licence de courtier en poche, et les narines déjà pleines de cocaïne,Famille déchiré.
61%
11 King Kong Gros singe,Carl Denham,Groupe de personne partent sur une iles pour tournée un film.
59%
5 Jurassic World Chris Pratt,Dinosaures,230 à 240 millions d'années au Trias
51%
8 Conjuring Série de film,Warren,Horreur,Esprit,Fantome.
47%
18 Transformers Série de film,Voiture,Robot,guerre.
44%
13 X En 1979, un groupe de jeunes cinéastes entreprend de tourner un film pour adultes dans la campagne du Texas,es acteurs se retrouvent rapidement dans une lutte désespérée pour leur vie,Un lettre de l'alphabet.
44%
9 American Nightmare Série de film,Purge,guerre civil,Bénis soient nos Nouveaux Pères fondateurs et l'Amérique, une nation ressuscitée.
43%
16 Halloween vendredi 31 octobre,Horreur,Myers.
43%
14 Scream Série de film;Slasher,Ghostface.
43%
6 Le Cinquième Élément Bruce Willis,Korben,Cornelius,Ruby Rhode,espace,4 pierre 1 humaine.
39%
4 Les Gardiens de la Galaxie Série de film,Ronan,Vormir,Xandar,ravageur.
31%
30 2012 Une dates, fin du monde, Famille,Mayas
29%
3 Fury Wardaddy,Tank,M4A2E8 Sherman,Seconde Guerre mondiale.
27%
20 Suicide Squad musique du film ; twenty one pilots,Joker,Enchanteresse,Anti héro.
26%
28 Insaisissables Les Quatre Cavaliers,un groupe de brillants magiciens et illusionnistes,braque une banque.
24%
22 San Andreas séisme,Tremblement de terre,Un père prés a tout pour sauvé sa famille, métier du père sauveteur.
20%
12 Invincible Seconde Guerre mondiale,Louis Zamperini,Histoire Vraie,Il tient une poutre a main nue.
10%
29 G.I. Joe série de 2 film,Joe Colton,militaire,Storm Shadow,Snake Eyes.
7%
25 Point Break Ancienne légende du motocross, Johnny Utah vient d'intégrer le FBI,Sport extrême,Braquage.
7%
19 Insidious Maison hanté,forces maléfiques,horreur,surnaturels.
6%
23 Je suis une légende Robert Neville était un brillant scientifique,Zoé,l'Humain devient une créature légendaire, sur une Terre où une épidémie a transformé tous les autres vivants en Vampires.
6%
24 Jumper David Rice a toujours cru qu'il était parfaitement ordinaire avant qu'il ne découvre par accident qu'il possède un don, qui peut se téléporter partout où il veut.
4%
17 Apprentis Parents Lorsque Pete et Ellie décident de fonder une famille, Adoption,3 enfant.
3%
15 The Fallout Une étudiante doit apprendre à vivre avec les conséquences émotionnelles d'une tragédie survenue à son école ayant transformé sa vision du monde et ses relations de façon permanente,Terrorisme école.
3%
27 Riders Un gang de quatre jeunes malfrats, Slim, Otis, Frank et Alex, réalise des hold-up audacieux en rollers.
1%
Aucun quiz correspondant
Distribution des résultats
% des personnes avec chaque résultat
Percentile par nombre de réponses
Votre historique - résultats
Vous n’avez pas pris ce quiz